| 000 | 00890nam a22002057a 4500 | ||
|---|---|---|---|
| 005 | 20110902112855.0 | ||
| 010 | _aG-001147 | ||
| 020 |
_a8188595217 _c120.00 |
||
| 035 | _aG-001147 | ||
| 037 | _bउपहार | ||
| 082 | _a574 | ||
| 100 |
_aजैन, शकुन _934141 |
||
| 245 |
_aजड़-पत्तियां-कीड़े-मकोड़े / _cशकुन जैन |
||
| 260 |
_aनई दिल्ली _bशकुन प्रकाशन _c2004 |
||
| 270 |
_a3625, सुभाष मार्ग, _bनई दिल्ली _k _e110002 |
||
| 300 |
_a96पृ. _bसचित्र _c22 सेमी (सजिल्द) |
||
| 942 |
_2ddc _cCH _h574 _mजैनश |
||
| 999 |
_c56205 _d56205 |
||